<?xml version="1.0" encoding="UTF-8"?>
<record
    xmlns:xsi="http://www.w3.org/2001/XMLSchema-instance"
    xsi:schemaLocation="http://www.loc.gov/MARC21/slim http://www.loc.gov/standards/marcxml/schema/MARC21slim.xsd"
    xmlns="http://www.loc.gov/MARC21/slim">

  <leader>01257nabaa22002057a 4500</leader>
  <datafield tag="999" ind1=" " ind2=" ">
    <subfield code="c">6118</subfield>
    <subfield code="d">6118</subfield>
  </datafield>
  <controlfield tag="003">OSt</controlfield>
  <controlfield tag="005">20260122203343.0</controlfield>
  <controlfield tag="008">190701b        xxu||||| |||| 00| 0 spa d</controlfield>
  <datafield tag="040" ind1=" " ind2=" ">
    <subfield code="c">PJ</subfield>
  </datafield>
  <datafield tag="100" ind1=" " ind2=" ">
    <subfield code="9">6884</subfield>
    <subfield code="a">Thomas, Gustavo J. </subfield>
  </datafield>
  <datafield tag="245" ind1="1" ind2="3">
    <subfield code="a">Las IA 3.0 deepfake y las administraciones p&#xFA;blicas : </subfield>
    <subfield code="c">sobre la necesidad de regulaci&#xF3;n de las IA estatales o el riesgo de la &#x201C;sociedad confianza cero&#x201D; /</subfield>
    <subfield code="b">Gustavo J. Thomas.</subfield>
  </datafield>
  <datafield tag="300" ind1=" " ind2=" ">
    <subfield code="a">p. 25-35</subfield>
  </datafield>
  <datafield tag="505" ind1=" " ind2=" ">
    <subfield code="t">
</subfield>
    <subfield code="a">Sumario: I. Introducci&#xF3;n.&#x2014; II. Qu&#xE9; es una IA deepfake/deep synthesis.&#x2014; III. Los riesgos vinculados a su existencia.&#x2014; IV. Tipos de deepfakes.&#x2014; V. Control y combate: creaci&#xF3;n de los SINHAE (&#xF3;rganos electr&#xF3;nicos transhumanos) y su funci&#xF3;n de polic&#xED;a. Sobre los riesgos de no diferenciar 2.0, 3.0 y 4.0.&#x2014; VI. Estudio sobre la posible reglamentaci&#xF3;n de deepfake o deep synthesis.&#x2014; VII. Conclusi&#xF3;n</subfield>
  </datafield>
  <datafield tag="505" ind1=" " ind2=" ">
    <subfield code="t">&#xBF;Te interesa el texto completo? Comunicate al correo: koha@justierradelfuego.gov.ar</subfield>
  </datafield>
  <datafield tag="650" ind1=" " ind2="0">
    <subfield code="9">211</subfield>
    <subfield code="a">DERECHO ADMINISTRATIVO</subfield>
  </datafield>
  <datafield tag="650" ind1=" " ind2="0">
    <subfield code="9">877</subfield>
    <subfield code="a">ADMINISTRACION PUBLICA</subfield>
  </datafield>
  <datafield tag="650" ind1=" " ind2="0">
    <subfield code="9">5817</subfield>
    <subfield code="a">INTELIGENCIA ARTIFICIAL</subfield>
  </datafield>
  <datafield tag="773" ind1="0" ind2=" ">
    <subfield code="0">2842</subfield>
    <subfield code="9">3251</subfield>
    <subfield code="d">Buenos Aires : AbeledoPerrot, 2012-</subfield>
    <subfield code="o">DA121</subfield>
    <subfield code="t">Derecho administrativo. N&#xBA; 147 mayo/junio 2023</subfield>
    <subfield code="z">18510590</subfield>
  </datafield>
  <datafield tag="942" ind1=" " ind2=" ">
    <subfield code="2">udc</subfield>
    <subfield code="c">ANA</subfield>
  </datafield>
</record>
